| 000 | 00538nam a22001937a 4500 | ||
|---|---|---|---|
| 003 | KOHA_MİRAKIL | ||
| 005 | 20250930151323.0 | ||
| 008 | 250930b tu ||||| |||| 00| 0 tur d | ||
| 020 | _a9789750520006 | ||
| 040 |
_aTR-AnABB _btur _cTR-AnABB |
||
| 041 | _atur | ||
| 082 |
_a828.3354 _bNAB 2016 |
||
| 100 | 1 | _aNabokov, Vladimir, | |
| 245 | 1 | 0 |
_aYetenek / _cVladimir Nabokov |
| 260 |
_aİstanbul : _bİletişim Yayıncılık, _c2016 |
||
| 300 |
_a367 sayfa ; _c21 cm |
||
| 650 | 0 | 4 | _aAmerikan edebiyatı, roman |
| 942 |
_2ddc _cBK |
||
| 999 |
_c8985 _d8985 |
||
| 900 | _bGizem YORULMAZ | ||